| 000 | 004470000a22001690004500 | ||
|---|---|---|---|
| 041 | 0 | _aENG | |
| 082 | 0 | 4 | _aG 291 S5443m |
| 100 | 1 | _aSheldon, Henry C. | |
| 245 | 1 | 0 | _aThe mystery religions and the new testament / Henry C. Sheldon |
| 260 | _aNew York, N.Y., USA : Abingdon | ||
| 300 | _a155 Pag | ||
| 001 | 8958 | ||
| 942 | _cBK | ||
| 999 |
_c39051 _d39051 |
||
| 336 |
_atexto _btxt _2rdacontent |
||
| 337 |
_2rdamedia _asin mediación _bn |
||
| 338 |
_2rdacarrier _avolumen _bnc |
||